[Event "Titled Tuesday intern op 21st Feb Late"]
[Site "Chess.com INT"]
[Date "2023.02.21"]
[Round "2"]
[White "Zhang, Alan"]
[Black "Grot, Blazej"]
[Result "1-0"]
[WhiteElo "2001"]
[BlackElo "1862"]
[PlyCount "85"]
[EventDate "2023.02.21"]
[EventType "swiss (blitz)"]
[EventRounds "11"]
[EventCountry "USA"]
[SourceTitle "CBM 212 Extra"]
[Source "ChessBase"]
[SourceDate "2023.03.31"]
[SourceVersion "1"]
[SourceVersionDate "2023.03.31"]
[SourceQuality "1"]

1. e4 e5 2. Nf3 Nc6 3. Bb5 a6 4. Ba4 Nf6 5. 0-0 Be7 6. Re1 d6 7. d4 exd4 8. Nxd4 Bd7 9. Nxc6 Bxc6 10. Bxc6+ bxc6 11. b3 0-0 12. Bb2 a5 13. a4 c5 14. Nd2 Qd7 15. Nc4 Rfe8 16. Qd3 h6 17. Rad1 Nh7 18. e5 Rad8 19. Nxa5 d5 20. Qg3 d4 21. Nc4 Qe6 22. c3 dxc3 23. Bxc3 Rb8 24. Bb2 Ng5 25. f4 Nh7 26. f5 Qxf5 27. e6 Bf6 28. exf7+ Kxf7 29. Qxc7+ Kg8 30. Rxe8+ Rxe8 31. Nd6 Qe6 32. Nxe8 Qxe8 33. Bxf6 Qe3+ 34. Kh1 Nxf6 35. Qd8+ Ne8 36. Qd3 Qe7 37. Qd5+ Kh8 38. Rc1 Nf6 39. Qxc5 Qf8 40. Qxf8+ Kh7 41. Rc7 Nh5 42. Qf5+ Kg8 43. Qxh5 1-0

[Event "Titled Tuesday intern op 07th Feb Late"]
[Site "Chess.com INT"]
[Date "2023.02.07"]
[Round "3"]
[White "Ismagilov, Damir"]
[Black "Zhang, Alan"]
[Result "1-0"]
[WhiteElo "2142"]
[BlackElo "2001"]
[PlyCount "92"]
[EventDate "2023.02.07"]
[EventType "swiss (blitz)"]
[EventRounds "11"]
[EventCountry "USA"]
[SourceTitle "EXT 2024"]
[Source "ChessBase"]
[SourceDate "2023.10.10"]
[SourceVersion "1"]
[SourceVersionDate "2023.10.10"]
[SourceQuality "1"]

1. e4 e5 2. Nf3 Nc6 3. Nc3 Nf6 4. a4 Bb4 5. Bd3 0-0 6. 0-0 d6 7. Nd5 Nxd5 8. exd5 Ne7 9. c3 Bc5 10. b4 Bb6 11. a5 f5 12. Ne1 e4 13. Bc2 Bd4 14. cxd4 Nxd5 15. Bb3 Be6 16. d3 Qf6 17. dxe4 fxe4 18. Bxd5 Bxd5 19. Nc2 Bc4 20. Be3 Bxf1 21. Qxf1 Rae8 22. Na3 d5 23. Qb5 Qd6 24. Qxb7 Rb8 25. Qxa7 Rxb4 26. Qc5 Qxc5 27. dxc5 d4 28. Nc2 dxe3 29. Nxb4 e2 30. Nc2 Rd8 31. Ne3 Rd3 32. Re1 Ra3 33. Rxe2 Rxa5 34. Rc2 Ra1+ 35. Nf1 Kf7 36. Rc4 Re1 37. g3 Ke6 38. Kg2 Kd5 39. Rc2 c6 40. Ne3+ Kd4 41. Nf5+ Ke5 42. Nxg7 Rd1 43. Nh5 Kd5 44. Nf4+ Kd4 45. Re2 Ke5 46. Rb2 Rd5 1-0

[Event "Titled Tuesday intern op 07th Feb Late"]
[Site "Chess.com INT"]
[Date "2023.02.07"]
[Round "1"]
[White "Martinez Reyes, Pedro Ramon"]
[Black "Zhang, Alan"]
[Result "0-1"]
[WhiteElo "2384"]
[BlackElo "2001"]
[PlyCount "78"]
[EventDate "2023.02.07"]
[EventType "swiss (blitz)"]
[EventRounds "11"]
[EventCountry "USA"]
[SourceTitle "EXT 2024"]
[Source "ChessBase"]
[SourceDate "2023.10.10"]
[SourceVersion "1"]
[SourceVersionDate "2023.10.10"]
[SourceQuality "1"]

1. e4 e5 2. Nf3 Nc6 3. Bc4 Bc5 4. b4 Bxb4 5. c3 Ba5 6. 0-0 Nf6 7. d4 d6 8. Bb5 Bd7 9. Bxc6 Bxc6 10. dxe5 dxe5 11. Nxe5 Bxe4 12. Qa4+ c6 13. Re1 0-0 14. Bg5 Bxb1 15. Raxb1 Bxc3 16. Red1 Qe7 17. Nd7 Rfe8 18. Qb3 h6 19. Bxf6 Bxf6 20. Qxb7 c5 21. g3 Bd4 22. Re1 Qd6 23. Kg2 Red8 24. h4 Qxd7 25. Qf3 Qd5 26. Re4 c4 27. Rbe1 c3 28. Re8+ Kh7 29. Qxd5 Rxd5 30. Rxa8 Rc5 31. Rc1 c2 32. Rb8 Rc4 33. Rb3 a5 34. Kf3 a4 35. Rb5 a3 36. Ke4 Bb2+ 37. Kd3 Bxc1 38. Kxc4 Bb2 39. Kb3 c1Q 0-1

[Event "Titled Tuesday intern op 07th Feb Late"]
[Site "Chess.com INT"]
[Date "2023.02.07"]
[Round "4"]
[White "Zhang, Alan"]
[Black "Becerra Rivero, Julio"]
[Result "0-1"]
[WhiteElo "2001"]
[BlackElo "2383"]
[PlyCount "122"]
[EventDate "2023.02.07"]
[EventType "swiss (blitz)"]
[EventRounds "11"]
[EventCountry "USA"]
[SourceTitle "EXT 2024"]
[Source "ChessBase"]
[SourceDate "2023.10.10"]
[SourceVersion "1"]
[SourceVersionDate "2023.10.10"]
[SourceQuality "1"]

1. e4 c5 2. Nf3 d6 3. d4 cxd4 4. Nxd4 Nf6 5. Nc3 a6 6. h3 e5 7. Nb3 h5 8. g3 Be6 9. f4 Qc7 10. f5 Bc4 11. Qf3 Nbd7 12. Be3 b5 13. 0-0-0 Rc8 14. Bxc4 Qxc4 15. a3 d5 16. Nd2 Qc7 17. exd5 Bxa3 18. Ndb1 Bd6 19. Rd2 Qc4 20. b3 Qc7 21. Ne4 Bb4 22. Nxf6+ Nxf6 23. Re2 e4 24. Bd4 Qxc2+ 25. Rxc2 Rxc2+ 26. Kxc2 exf3 27. Bxf6 gxf6 28. Rf1 Kd7 29. Rxf3 Re8 30. Kd3 Re1 31. Nd2 Rd1 32. Rf2 Kd6 33. Kc2 Rxd2+ 34. Rxd2 Bxd2 35. Kxd2 Kxd5 36. Ke3 Ke5 37. g4 hxg4 38. hxg4 a5 39. Kd3 a4 40. bxa4 bxa4 41. Kc4 Kf4 42. Kb4 Kxg4 43. Ka3 Kxf5 44. Kxa4 Kg4 45. Kb3 f5 46. Kc3 Kg3 47. Kd2 f4 48. Ke2 Kg2 49. Ke1 f3 50. Kd2 f2 51. Kd3 f1Q+ 52. Kd4 Qe2 53. Kd5 f5 54. Kd6 f4 55. Kd7 f3 56. Kd8 f2 57. Kd7 f1Q 58. Kd8 Qfd1+ 59. Kc8 Qec2+ 60. Kb8 Qdb1+ 61. Ka8 Qca2# 0-1

[Event "Titled Tuesday intern op 25th Oct Late"]
[Site "Chess.com INT"]
[Date "2022.10.25"]
[Round "9"]
[White "Zhang, Alan"]
[Black "Prohorov, Olexandr"]
[Result "0-1"]
[WhiteElo "2001"]
[BlackElo "2086"]
[PlyCount "28"]
[EventDate "2022.10.25"]
[EventType "swiss (blitz)"]
[EventRounds "11"]
[EventCountry "USA"]
[SourceTitle "EXT 2024"]
[Source "ChessBase"]
[SourceDate "2023.10.10"]
[SourceVersion "1"]
[SourceVersionDate "2023.10.10"]
[SourceQuality "1"]

1. e4 c5 2. Nf3 e6 3. d4 cxd4 4. Nxd4 Qb6 5. a4 Bc5 6. a5 Qc7 7. Nb3 Be7 8. Nc3 Nf6 9. Bd2 Nc6 10. Bd3 d5 11. exd5 exd5 12. Qe2 0-0 13. 0-0 Re8 14. Qf3 Nb4 0-1

[Event "Titled Tuesday intern op 12th Jul Early"]
[Site "Chess.com INT"]
[Date "2022.07.12"]
[Round "9"]
[White "Zhang, Alan"]
[Black "Lohani, Sujana"]
[Result "1-0"]
[WhiteElo "2001"]
[BlackElo "1697"]
[PlyCount "103"]
[EventDate "2022.07.12"]
[EventType "swiss (blitz)"]
[EventRounds "11"]
[EventCountry "USA"]
[SourceTitle "EXT 2023"]
[Source "ChessBase"]
[SourceDate "2022.10.05"]
[SourceVersion "1"]
[SourceVersionDate "2022.10.05"]
[SourceQuality "1"]

1. e4 g6 2. d4 Bg7 3. Nc3 d6 4. f3 c6 5. Be3 b5 6. Qd2 Qa5 7. g4 Nd7 8. Nge2 Nb6 9. Ng3 Be6 10. Bd3 a6 11. a3 b4 12. Nce2 c5 13. 0-0 c4 14. axb4 Qb5 15. Nc3 Qxb4 16. Be2 d5 17. exd5 Bxd5 18. Nxd5 Qxd2 19. Bxd2 Nxd5 20. Bxc4 Bxd4+ 21. Kg2 Ngf6 22. c3 Bc5 23. g5 Nb6 24. Bxa6 Nfd5 25. b4 Bd6 26. Ne4 Be5 27. Bb5+ Kf8 28. Rxa8+ Nxa8 29. f4 Bc7 30. c4 Ndb6 31. c5 Nc8 32. Bc6 Nab6 33. cxb6 Nxb6 34. Bc3 Rg8 35. b5 h6 36. Nc5 hxg5 37. fxg5 f6 38. gxf6 exf6 39. Rxf6+ Ke7 40. Re6+ Kf7 41. Re1 Bd6 42. Rf1+ Ke7 43. Bf6+ Kf7 44. Bg5+ Kg7 45. Ne6+ Kh7 46. Rf7+ Kh8 47. Bf6+ Rg7 48. Bxg7+ Kg8 49. Ra7 Nc8 50. Ra8 Kf7 51. Bd7 Ne7 52. Rf8# 1-0

[Event "Titled Tuesday intern op 28th Dec"]
[Site "Chess.com INT"]
[Date "2021.12.28"]
[Round "2"]
[White "Garagulya, Konstantin"]
[Black "Zhang, Alan"]
[Result "0-1"]
[WhiteElo "2389"]
[BlackElo "2077"]
[PlyCount "108"]
[EventDate "2021.12.28"]
[EventType "swiss (blitz)"]
[EventRounds "11"]
[EventCountry "USA"]
[SourceTitle "CBM 206 Extra"]
[Source "ChessBase"]
[SourceDate "2022.03.31"]
[SourceVersion "1"]
[SourceVersionDate "2022.03.31"]
[SourceQuality "1"]

1. d4 Nf6 2. Nf3 d5 3. c4 e6 4. Bg5 Be7 5. Nbd2 0-0 6. e3 b6 7. Bxf6 Bxf6 8. cxd5 exd5 9. Qc2 Bb7 10. Bd3 h6 11. b4 Nd7 12. Rc1 Rc8 13. Nb3 c6 14. 0-0 Qe7 15. a3 Rfd8 16. Rfd1 Nf8 17. Qe2 Ne6 18. Ba6 Bxa6 19. Qxa6 c5 20. bxc5 bxc5 21. dxc5 Nxc5 22. Nxc5 Rxc5 23. Rb1 Rdc8 24. h3 R8c7 25. Rb5 Kh7 26. Rxd5 Rxb5 27. Rxb5 Rc1+ 28. Kh2 Ra1 29. Rb7 Qxa3 30. Qxa3 Rxa3 31. Rxf7 a5 32. Ra7 a4 33. g4 Ra2 34. Kg3 a3 35. h4 Kg6 36. h5+ Kh7 37. Nd4 Bxd4 38. exd4 Rd2 39. Rxa3 Rxd4 40. f3 Rc4 41. Ra7 Rc1 42. Ra6 Re1 43. Kf4 Rd1 44. Rd6 Rxd6 45. Ke5 Rb6 46. f4 g6 47. hxg6+ Kxg6 48. Ke4 Rb4+ 49. Kf3 h5 50. gxh5+ Kxh5 51. Kg3 Rc4 52. Kf3 Rb4 53. Kg3 Rb3+ 54. Kf2 Kg4 0-1

[Event "Titled Tuesday intern op 28th Dec"]
[Site "Chess.com INT"]
[Date "2021.12.28"]
[Round "5"]
[White "Novikov, Evgenij"]
[Black "Zhang, Alan"]
[Result "1/2-1/2"]
[WhiteElo "2276"]
[BlackElo "2077"]
[PlyCount "151"]
[EventDate "2021.12.28"]
[EventType "swiss (blitz)"]
[EventRounds "11"]
[EventCountry "USA"]
[SourceTitle "CBM 206 Extra"]
[Source "ChessBase"]
[SourceDate "2022.03.31"]
[SourceVersion "1"]
[SourceVersionDate "2022.03.31"]
[SourceQuality "1"]

1. e4 e5 2. Nf3 Nc6 3. Bb5 a6 4. Ba4 Nf6 5. 0-0 Be7 6. Re1 b5 7. Bb3 d6 8. c3 0-0 9. h3 Na5 10. Bc2 c5 11. d3 Qc7 12. Nbd2 Bd7 13. Nf1 Rfe8 14. Ne3 Bf8 15. d4 cxd4 16. cxd4 Rac8 17. Re2 exd4 18. Nxd4 Nc6 19. Ndf5 Be6 20. Bd2 g6 21. Bc3 Nd7 22. Nd4 b4 23. Nxe6 Rxe6 24. Nd5 Qd8 25. Nxb4 Nxb4 26. Qd4 Ne5 27. Qxb4 d5 28. Qd4 dxe4 29. Qxe4 Bg7 30. Rae1 Nc4 31. Qf3 Rxe2 32. Rxe2 Nxb2 33. Bxg7 Kxg7 34. Bb3 Nc4 35. Qc3+ Qf6 36. Rc2 Qxc3 37. Rxc3 Nd6 38. Rd3 Ne4 39. g3 Rc1+ 40. Kg2 Nc5 41. Rd6 Nxb3 42. axb3 Ra1 43. b4 Ra4 44. Rb6 h6 45. g4 Kh7 46. Rb7 Kg7 47. Kg3 h5 48. g5 a5 49. b5 Rb4 50. h4 a4 51. Ra7 Rxb5 52. Rxa4 Rb3+ 53. f3 Rb2 54. Rf4 Rb1 55. Re4 Rh1 56. Re2 Rg1+ 57. Kf4 Rh1 58. Kg3 Rg1+ 59. Kh2 Rb1 60. Kg2 Rb3 61. Rf2 Rb4 62. Kg3 f6 63. Rd2 fxg5 64. hxg5 Rb5 65. Rd7+ Kf8 66. Kf4 Rf5+ 67. Ke4 Rxg5 68. f4 Ra5 69. Rb7 h4 70. Rh7 Rh5 71. Rxh5 gxh5 72. Kf3 Kf7 73. Kg2 Kf6 74. Kh3 Kf5 75. Kxh4 Kxf4 76. Kxh5 1/2-1/2

[Event "Titled Tuesday intern op 29th June"]
[Site "Chess.com INT"]
[Date "2021.06.29"]
[Round "6"]
[White "Temirkanov, David"]
[Black "Zhang, Alan"]
[Result "0-1"]
[WhiteElo "2282"]
[BlackElo "2077"]
[PlyCount "76"]
[EventDate "2021.06.29"]
[EventType "swiss (blitz)"]
[EventRounds "11"]
[EventCountry "USA"]
[SourceTitle "CBM 203 Extra"]
[Source "ChessBase"]
[SourceDate "2021.09.30"]
[SourceVersion "1"]
[SourceVersionDate "2021.09.30"]
[SourceQuality "1"]

1. e4 e5 2. Nf3 Nc6 3. Nc3 Nf6 4. d4 exd4 5. Nxd4 Bb4 6. Nxc6 bxc6 7. Bd3 d5 8. exd5 cxd5 9. 0-0 0-0 10. a3 Bd6 11. Nb5 Be7 12. Bf4 Ne8 13. Re1 c6 14. Nd4 Bd7 15. Qh5 g6 16. Qf3 Bf6 17. c3 Qb6 18. b4 Bxd4 19. cxd4 Qxd4 20. h3 Qf6 21. Qg3 Ng7 22. Be5 Qd8 23. Qe3 f6 24. Bd4 Be6 25. Qf4 Bf5 26. Bf1 Ne6 27. Qd2 Nxd4 28. Qxd4 Qd6 29. Rac1 a5 30. g4 Bd7 31. Bg2 axb4 32. axb4 Ra4 33. Rc5 Rb8 34. Rb1 Qe5 35. Qd2 Kf7 36. b5 Qd6 37. Qc3 Rf4 38. Rc1 cxb5 0-1

[Event "Titled Tuesday intern op 29th June"]
[Site "Chess.com INT"]
[Date "2021.06.29"]
[Round "10"]
[White "Zhang, Alan"]
[Black "Dixit, Arun"]
[Result "0-1"]
[WhiteElo "2077"]
[BlackElo "2054"]
[PlyCount "116"]
[EventDate "2021.06.29"]
[EventType "swiss (blitz)"]
[EventRounds "11"]
[EventCountry "USA"]
[SourceTitle "CBM 203 Extra"]
[Source "ChessBase"]
[SourceDate "2021.09.30"]
[SourceVersion "1"]
[SourceVersionDate "2021.09.30"]
[SourceQuality "1"]

1. e4 Nf6 2. e5 Nd5 3. d4 Nb6 4. Nf3 d6 5. exd6 exd6 6. Nc3 Be7 7. Bd3 0-0 8. 0-0 g6 9. h3 Re8 10. Re1 Nc6 11. Bh6 Bf6 12. Ne2 Be6 13. c3 Qd7 14. Nf4 Bc4 15. Qc2 Bxd3 16. Qxd3 Bg7 17. Bxg7 Kxg7 18. c4 Rxe1+ 19. Rxe1 Re8 20. Re3 Rxe3 21. fxe3 Ne7 22. b3 c6 23. e4 d5 24. Ne5 Qc7 25. exd5 cxd5 26. c5 Nd7 27. Nxd7 Qxf4 28. Ne5 Nf5 29. Nf3 h5 30. Qe2 h4 31. Qe5+ Qxe5 32. dxe5 Kf8 33. Kf2 Ke7 34. Ke2 Ke6 35. Kd3 Ng3 36. b4 Ne4 37. Kd4 g5 38. a4 Kf5 39. b5 b6 40. c6 Nc5 41. c7 Ne6+ 42. Kxd5 Nxc7+ 43. Kc6 Ne6 44. Kd5 Kf4 45. Kd6 Kg3 46. Ke7 Kxg2 47. Kxf7 Kxf3 48. Kxe6 g4 49. Kf5 gxh3 50. e6 h2 51. e7 h1Q 52. e8Q Qb1+ 53. Kg5 Qe4 54. Qf7+ Ke3 55. Qxa7 h3 56. Qxb6+ Ke2 57. Qg1 Qg2+ 58. Qxg2+ hxg2 0-1

[Event "Titled Tuesday intern op 29th Dec"]
[Site "Chess.com INT"]
[Date "2020.12.29"]
[Round "10"]
[White "Belenkaya, Dina"]
[Black "Zhang, Alan"]
[Result "1-0"]
[WhiteElo "2293"]
[BlackElo "2077"]
[PlyCount "49"]
[EventDate "2020.12.29"]
[EventType "swiss (blitz)"]
[EventRounds "11"]
[EventCountry "USA"]
[SourceTitle "CBM 200 Extra"]
[Source "ChessBase"]
[SourceDate "2021.03.31"]
[SourceVersion "1"]
[SourceVersionDate "2021.03.31"]
[SourceQuality "1"]

1. e4 e5 2. Nf3 Nc6 3. d4 exd4 4. Nxd4 Bc5 5. Nf5 Qf6 6. Nc3 Nge7 7. Nd5 Nxd5 8. Qxd5 Bb6 9. c3 d6 10. Be2 Be6 11. Qd3 0-0-0 12. Be3 d5 13. Bxb6 dxe4 14. Qb5 axb6 15. Ne3 Qe5 16. Qa4 Kb8 17. 0-0 f5 18. Nc4 Qc5 19. b4 b5 20. bxc5 bxa4 21. Rab1 Ka7 22. Rb5 f4 23. Rfb1 Rb8 24. Na5 Ne7 25. Nc6+ 1-0

[Event "Titled Tuesday intern op 29th Dec"]
[Site "Chess.com INT"]
[Date "2020.12.29"]
[Round "8"]
[White "Zhang, Alan"]
[Black "Zaichenko, Daria"]
[Result "0-1"]
[WhiteElo "2077"]
[BlackElo "2104"]
[PlyCount "66"]
[EventDate "2020.12.29"]
[EventType "swiss (blitz)"]
[EventRounds "11"]
[EventCountry "USA"]
[SourceTitle "CBM 200 Extra"]
[Source "ChessBase"]
[SourceDate "2021.03.31"]
[SourceVersion "1"]
[SourceVersionDate "2021.03.31"]
[SourceQuality "1"]

1. e4 c5 2. Nf3 d6 3. d4 cxd4 4. Nxd4 Nf6 5. Nc3 Nc6 6. Bc4 e5 7. Nde2 Be7 8. 0-0 0-0 9. a3 a6 10. h3 b5 11. Ba2 Bb7 12. Ng3 Nd4 13. Be3 Qb6 14. Nf5 Qd8 15. Nxd4 exd4 16. Qxd4 Rc8 17. Rad1 Kh8 18. Bf4 Rc6 19. Rfe1 Nh5 20. Bh2 Bf6 21. e5 dxe5 22. Qxd8 Bxd8 23. Rxe5 Rg6 24. Bd5 Bxd5 25. Rexd5 Bg5 26. Ne4 f5 27. Nxg5 Rxg5 28. h4 Rg4 29. Rxf5 Nf6 30. Bd6 Rd8 31. Rd2 Kg8 32. g3 Ne4 33. Rd4 Rxd6 0-1

[Event "Titled Tuesday intern op 11th Aug"]
[Site "Chess.com INT"]
[Date "2020.08.11"]
[Round "5"]
[White "Sanchez Alvares, Kelvin Antonio"]
[Black "Zhang, Alan"]
[Result "1-0"]
[WhiteElo "2250"]
[BlackElo "2077"]
[PlyCount "45"]
[EventDate "2020.08.11"]
[EventType "swiss (blitz)"]
[EventRounds "10"]
[EventCountry "USA"]
[SourceTitle "CBM 197 Extra"]
[Source "ChessBase"]
[SourceDate "2020.09.30"]
[SourceVersion "1"]
[SourceVersionDate "2020.09.30"]
[SourceQuality "1"]

1. d4 Nf6 2. c4 e6 3. Nf3 d5 4. Nc3 Be7 5. Bg5 0-0 6. e3 b6 7. Qc2 Bb7 8. cxd5 exd5 9. Bd3 Nbd7 10. 0-0-0 c5 11. Kb1 h6 12. Bxf6 Nxf6 13. g4 c4 14. Bf5 Bc6 15. h4 Ne8 16. g5 h5 17. Ne5 Qd6 18. Bh7+ Kh8 19. g6 Qf6 20. gxf7 Rxf7 21. Bg6 Rf8 22. Qe2 Kg8 23. Qxh5 1-0

[Event "Titled Tuesday intern op 11th Aug"]
[Site "Chess.com INT"]
[Date "2020.08.11"]
[Round "10"]
[White "Zhang, Alan"]
[Black "Ramirez Munoz, Eduardo Ramon"]
[Result "1-0"]
[WhiteElo "2077"]
[BlackElo "2057"]
[PlyCount "103"]
[EventDate "2020.08.11"]
[EventType "swiss (blitz)"]
[EventRounds "10"]
[EventCountry "USA"]
[SourceTitle "CBM 197 Extra"]
[Source "ChessBase"]
[SourceDate "2020.09.30"]
[SourceVersion "1"]
[SourceVersionDate "2020.09.30"]
[SourceQuality "1"]

1. e4 e5 2. Nf3 Nc6 3. Bb5 Nf6 4. d3 Bc5 5. c3 0-0 6. Bxc6 bxc6 7. Nxe5 Re8 8. Nf3 d5 9. e5 d4 10. 0-0 Ng4 11. Bf4 Bf5 12. h3 Nh6 13. b4 Bb6 14. c4 c5 15. a3 c6 16. Re1 a5 17. bxc5 Bxc5 18. Qc2 Bg6 19. Nbd2 Nf5 20. Ne4 Ba7 21. Rab1 h6 22. Rb7 c5 23. Reb1 Nh4 24. Nxh4 Qxh4 25. Bg3 Qh5 26. Nd6 Rf8 27. Re7 Bb8 28. Rbb7 Bxd6 29. exd6 Rad8 30. d7 Bf5 31. Bc7 Rxd7 32. Rxd7 Bxd7 33. Bd6 Bc6 34. Bxf8 Bxb7 35. Bd6 Qg6 36. Bg3 Bc6 37. Qb3 Kh7 38. Qb6 Ba4 39. Qxc5 Qxd3 40. Qxa5 Bc2 41. c5 Qd1+ 42. Kh2 d3 43. c6 d2 44. c7 Qe1 45. c8Q d1Q 46. Qxe1 Qxe1 47. Qxc2+ g6 48. a4 Kg7 49. Qa2 Qa5 50. Qa3 h5 51. Bd6 Qa6 52. g3 1-0

[Event "Titled Tuesday intern op 14th July"]
[Site "Chess.com INT"]
[Date "2020.07.14"]
[Round "3"]
[White "Kopylov, Michael"]
[Black "Zhang, Alan"]
[Result "0-1"]
[WhiteElo "2407"]
[BlackElo "2077"]
[PlyCount "38"]
[EventDate "2020.07.14"]
[EventType "swiss (blitz)"]
[EventRounds "10"]
[EventCountry "USA"]
[SourceTitle "CBM 197 Extra"]
[Source "ChessBase"]
[SourceDate "2020.09.30"]
[SourceVersion "1"]
[SourceVersionDate "2020.09.30"]
[SourceQuality "1"]

1. d4 Nf6 2. c4 e6 3. g3 d5 4. Bg2 dxc4 5. Nf3 c6 6. Ne5 b5 7. a4 Nd5 8. 0-0 Bb7 9. Nc3 a6 10. e4 Nxc3 11. bxc3 Be7 12. Qg4 0-0 13. Bh6 Bf6 14. Rfb1 Kh8 15. Be3 Bxe5 16. dxe5 Nd7 17. f4 Qe7 18. Rd1 Nc5 19. Rd5 cxd5 0-1

[Event "Titled Tuesday intern op 14th July"]
[Site "Chess.com INT"]
[Date "2020.07.14"]
[Round "4"]
[White "Zhang, Alan"]
[Black "Harahap, Yoga Pradafa"]
[Result "0-1"]
[WhiteElo "2077"]
[BlackElo "2220"]
[PlyCount "70"]
[EventDate "2020.07.14"]
[EventType "swiss (blitz)"]
[EventRounds "10"]
[EventCountry "USA"]
[SourceTitle "CBM 197 Extra"]
[Source "ChessBase"]
[SourceDate "2020.09.30"]
[SourceVersion "1"]
[SourceVersionDate "2020.09.30"]
[SourceQuality "1"]

1. e4 c5 2. Nf3 Nc6 3. d4 cxd4 4. Nxd4 Nf6 5. Nc3 e5 6. Ndb5 d6 7. Bg5 a6 8. Na3 b5 9. Nd5 Be7 10. Bxf6 Bxf6 11. c4 b4 12. Nc2 a5 13. h4 0-0 14. g3 Be6 15. Bh3 Rb8 16. Kf1 Qd7 17. Kg2 Bd8 18. b3 Bxh3+ 19. Rxh3 f5 20. exf5 Qxf5 21. Qe2 Bb6 22. Rf1 Bc5 23. g4 Qd7 24. f4 exf4 25. Rxf4 Ne5 26. Rg3 Rxf4 27. Nxf4 Rf8 28. Qe4 Kh8 29. g5 Qf7 30. Ne2 Qf1+ 31. Kh2 Rf2+ 32. Rg2 g6 33. Rxf2 Qxf2+ 34. Qg2 Qxh4+ 35. Qh3 Qxg5 0-1

[Event "Titled Tuesday intern op 14th July"]
[Site "Chess.com INT"]
[Date "2020.07.14"]
[Round "2"]
[White "Zhang, Alan"]
[Black "Thavandiran, Shiyam"]
[Result "0-1"]
[WhiteElo "2077"]
[BlackElo "2420"]
[PlyCount "70"]
[EventDate "2020.07.14"]
[EventType "swiss (blitz)"]
[EventRounds "10"]
[EventCountry "USA"]
[SourceTitle "CBM 197 Extra"]
[Source "ChessBase"]
[SourceDate "2020.09.30"]
[SourceVersion "1"]
[SourceVersionDate "2020.09.30"]
[SourceQuality "1"]

1. e4 c6 2. d4 d5 3. Nc3 dxe4 4. Nxe4 Nf6 5. Nxf6+ exf6 6. g3 Bd6 7. Nf3 0-0 8. Bg2 Re8+ 9. Be3 Qb6 10. Qc1 Qa6 11. c4 Bf5 12. Qc3 Nd7 13. 0-0 Rad8 14. b4 Nb6 15. Nd2 Bf8 16. Qb3 Nc8 17. a4 Qb6 18. b5 Qc7 19. a5 cxb5 20. cxb5 Qd7 21. Rfc1 Nd6 22. b6 axb6 23. axb6 Rc8 24. Bd5 h5 25. Nf3 Bg4 26. Nh4 Be6 27. Ng2 Bxd5 28. Qxd5 Qh3 29. Nf4 Qf5 30. Qxf5 Nxf5 31. Nd5 Bd6 32. Bf4 Bxf4 33. gxf4 Rxc1+ 34. Rxc1 Nxd4 35. Rc7 Nf3+ 0-1

[Event "Titled Tuesday intern op 16th June"]
[Site "Chess.com INT"]
[Date "2020.06.16"]
[Round "10"]
[White "Ubiennykh, Ekaterina"]
[Black "Zhang, Alan"]
[Result "1-0"]
[WhiteElo "2331"]
[BlackElo "2077"]
[PlyCount "85"]
[EventDate "2020.06.16"]
[EventType "swiss (blitz)"]
[EventRounds "10"]
[EventCountry "USA"]
[SourceTitle "EXT 2021"]
[Source "ChessBase"]
[SourceDate "2020.10.23"]
[SourceVersion "1"]
[SourceVersionDate "2020.10.23"]
[SourceQuality "1"]

1. e4 e5 2. Nf3 Nc6 3. Bc4 Bc5 4. 0-0 Nf6 5. d3 d6 6. c3 Bb6 7. a4 h6 8. b4 a5 9. b5 Ne7 10. h3 0-0 11. Be3 Bxe3 12. fxe3 Ng6 13. Nbd2 d5 14. Bb3 dxe4 15. Nxe4 Nxe4 16. dxe4 Qe7 17. Qe1 Be6 18. Bd5 Bxd5 19. exd5 Qc5 20. Kh1 Qxd5 21. Rd1 Qc4 22. Rd7 Rad8 23. Rxd8 Rxd8 24. Rf2 Qxa4 25. Rd2 Rxd2 26. Qxd2 Qxb5 27. Qd8+ Kh7 28. h4 e4 29. Nd4 Qf1+ 30. Kh2 Ne5 31. Qe7 Ng4+ 32. Kg3 f5 33. Qd7 Qf2+ 34. Kh3 Qxe3+ 35. g3 Nf2+ 36. Kg2 Nd3 37. Qxf5+ Kg8 38. Qe6+ Kf8 39. Qc8+ Ke7 40. Nf5+ Kf6 41. Nxe3 Ke5 42. Qf5+ Kd6 43. Qxe4 1-0

[Event "Titled Tuesday intern op 16th June"]
[Site "Chess.com INT"]
[Date "2020.06.16"]
[Round "8"]
[White "Zhang, Alan"]
[Black "Eden, James"]
[Result "0-1"]
[WhiteElo "2077"]
[BlackElo "2330"]
[PlyCount "56"]
[EventDate "2020.06.16"]
[EventType "swiss (blitz)"]
[EventRounds "10"]
[EventCountry "USA"]
[SourceTitle "EXT 2021"]
[Source "ChessBase"]
[SourceDate "2020.10.23"]
[SourceVersion "1"]
[SourceVersionDate "2020.10.23"]
[SourceQuality "1"]

1. e4 e5 2. Nf3 Nc6 3. Bb5 Nf6 4. d3 d6 5. c3 g6 6. 0-0 Bg7 7. h3 Bd7 8. Re1 0-0 9. d4 Nxd4 10. cxd4 Bxb5 11. dxe5 dxe5 12. Nc3 Bc6 13. Nxe5 Qxd1 14. Rxd1 Bxe4 15. Bf4 Bf5 16. g4 Be6 17. Nd3 c6 18. Nc5 Bc8 19. Rd6 Re8 20. Rad1 Bf8 21. Rd8 Bxg4 22. Rxa8 Rxa8 23. hxg4 Bxc5 24. g5 Nh5 25. Ne4 Bxf2+ 26. Kxf2 Nxf4 27. Nf6+ Kg7 28. Kg3 Ne6 0-1

[Event "Titled Tuesday intern op 16th June"]
[Site "Chess.com INT"]
[Date "2020.06.16"]
[Round "2"]
[White "Zhang, Alan"]
[Black "Karas, Marek"]
[Result "0-1"]
[WhiteElo "2077"]
[BlackElo "2244"]
[PlyCount "112"]
[EventDate "2020.06.16"]
[EventType "swiss (blitz)"]
[EventRounds "10"]
[EventCountry "USA"]
[SourceTitle "EXT 2021"]
[Source "ChessBase"]
[SourceDate "2020.10.23"]
[SourceVersion "1"]
[SourceVersionDate "2020.10.23"]
[SourceQuality "1"]

1. e4 g6 2. d4 Bg7 3. Nc3 d6 4. Be3 a6 5. Qd2 b5 6. f3 Bb7 7. Nh3 Nd7 8. 0-0-0 e6 9. g4 h6 10. Nf2 Ne7 11. h4 Nb6 12. a3 c6 13. g5 h5 14. f4 d5 15. e5 Nc4 16. Bxc4 dxc4 17. Nfe4 Kf8 18. Nd6 Qd7 19. Nce4 Nd5 20. Nc5 Qc7 21. Ndxb7 a5 22. Nd6 Kg8 23. Bf2 Bf8 24. Nde4 b4 25. Nf6+ Kg7 26. Nxd5 cxd5 27. axb4 axb4 28. Qxb4 Be7 29. Qb7 Qd8 30. Qd7 Qf8 31. Kd2 Rd8 32. Qb5 Rb8 33. Qa5 Rxb2 34. Rb1 Qb8 35. Rxb2 Qxb2 36. Qc3 Qb5 37. Ra1 Rb8 38. Ra7 Bxc5 39. dxc5 Qb1 40. c6 Qf1 41. Qd4 Rc8 42. c7 Qg2 43. Rb7 Qf3 44. Qc5 c3+ 45. Ke1 Qe4+ 46. Kf1 Qh1+ 47. Bg1 Qf3+ 48. Qf2 Qd1+ 49. Kg2 Qg4+ 50. Kh2 Qd1 51. Qe3 Qxc2+ 52. Qf2 Qf5 53. Kg3 Qd3+ 54. Kh2 c2 55. Qe1 Qd1 56. Qc3 c1Q 0-1